<?xml version="1.0" encoding="UTF-8"?>
<collection xmlns="http://www.loc.gov/MARC21/slim">
 <record>
  <leader>01052pam a22002178a 4500</leader>
  <controlfield tag="001">00016917</controlfield>
  <controlfield tag="005">20171026081022.0</controlfield>
  <controlfield tag="008">110415s1982                  ||||||Viesd</controlfield>
  <datafield tag="041" ind1="0" ind2="#">
   <subfield code="a">Vie</subfield>
  </datafield>
  <datafield tag="082" ind1="1" ind2="4">
   <subfield code="a">495.922</subfield>
   <subfield code="b">C101NH</subfield>
  </datafield>
  <datafield tag="100" ind1="1" ind2="#">
   <subfield code="a">Nguyễn, Văn Tu</subfield>
  </datafield>
  <datafield tag="245" ind1="1" ind2="0">
   <subfield code="a">Các nhóm từ đồng nghĩa trong Tiếng Việt</subfield>
   <subfield code="c">Nguyễn Văn Tu</subfield>
  </datafield>
  <datafield tag="260" ind1="#" ind2="#">
   <subfield code="a">Hà Nội</subfield>
   <subfield code="b">Đại học và Trung học chuyên nghiệp</subfield>
   <subfield code="c">1982</subfield>
  </datafield>
  <datafield tag="300" ind1="#" ind2="#">
   <subfield code="a">526 tr.</subfield>
   <subfield code="c">19 cm.</subfield>
  </datafield>
  <datafield tag="650" ind1="#" ind2="4">
   <subfield code="a">Tiếng Việt</subfield>
  </datafield>
  <datafield tag="653" ind1="#" ind2="#">
   <subfield code="a">Từ đồng nghĩa</subfield>
  </datafield>
  <datafield tag="852" ind1="#" ind2="#">
   <subfield code="b">Kho mượn</subfield>
   <subfield code="j">KM.0009830, KM.0009831, KM.0009832, KM.0009833, KM.0009835, KM.0009836, KM.0009824, KM.0009825, KM.0009826, KM.0009827, KM.0009828, KM.0009829, KM.0007738</subfield>
  </datafield>
  <datafield tag="852" ind1="#" ind2="#">
   <subfield code="b">Kho đọc</subfield>
   <subfield code="j">KD.0002242</subfield>
  </datafield>
  <datafield tag="852" ind1="#" ind2="#">
   <subfield code="j">KD.0002242</subfield>
   <subfield code="j">KM.0009828</subfield>
   <subfield code="j">KM.0009829</subfield>
   <subfield code="j">KM.0009831</subfield>
   <subfield code="j">KM.0009832</subfield>
   <subfield code="j">KM.0009835</subfield>
   <subfield code="j">KM.0009825</subfield>
   <subfield code="j">KM.0009826</subfield>
   <subfield code="j">KM.0009824</subfield>
   <subfield code="j">KM.0009827</subfield>
   <subfield code="j">KM.0009830</subfield>
   <subfield code="j">KM.0009833</subfield>
   <subfield code="j">KM.0009836</subfield>
   <subfield code="j">KM.0007738</subfield>
  </datafield>
  <datafield tag="910" ind1=" " ind2=" ">
   <subfield code="d">15/04/2011</subfield>
  </datafield>
  <datafield tag="980" ind1="#" ind2="#">
   <subfield code="a">Trung tâm Học liệu Lê Vũ Hùng, Trường Đại học Đồng Tháp</subfield>
  </datafield>
 </record>
</collection>
